| Tag |
First Indicator |
Second Indicator |
Subfields |
| LEADER |
00000cam a2200000 a 4500 |
| 001 |
in00000435331 |
| 005 |
20151012070721.0 |
| 008 |
861106s1986 it b i00000 eng d |
| 020 |
|
|
|a 9251023670
|
| 035 |
|
|
|a (OCoLC)14642041
|
| 035 |
|
|
|9 ABW6141AM
|
| 040 |
|
|
|a DJB
|c DJB
|d TXA
|d UtOrBLW
|
| 049 |
|
|
|a TXAM
|c [A09812778]
|
| 090 |
|
|
|a HB137
|b .G84 1986
|
| 245 |
0 |
0 |
|a Guidelines for the computation of selected statistical indicators /
|c FAO Statistics Division.
|
| 264 |
|
1 |
|a Rome :
|b Food and Agriculture Organization of the United Nations,
|c 1986.
|
| 300 |
|
|
|a vii, 71 pages ;
|c 30 cm.
|
| 336 |
|
|
|a text
|b txt
|2 rdacontent
|
| 337 |
|
|
|a unmediated
|b n
|2 rdamedia
|
| 338 |
|
|
|a volume
|b nc
|2 rdacarrier
|
| 490 |
1 |
|
|a FAO economic and social development paper ;
|v 60
|
| 504 |
|
|
|a Includes bibliographies.
|
| 650 |
|
0 |
|a Economics, Mathematical.
|
| 650 |
|
0 |
|a Economic indicators.
|
| 650 |
|
0 |
|a Economics
|x Statistical methods.
|
| 710 |
2 |
|
|a Food and Agriculture Organization of the United Nations.
|b Statistics Division.
|
| 830 |
|
0 |
|a FAO economic and social development paper ;
|v 60.
|
| 999 |
|
|
|a MARS
|
| 999 |
f |
f |
|s f3260d0e-a115-31cc-8492-41854aa846f6
|i 43e072e7-18e7-34f3-a2de-1a48e083fcc8
|t 0
|
| 952 |
f |
f |
|p ric
|a Texas A&M University
|b Rellis Campus
|c Joint Library Facility
|d Remote Storage
|t 0
|e HB137 .G84 1986
|h Library of Congress classification
|i unmediated -- volume
|m A14809812778
|
| 998 |
f |
f |
|a HB137 .G84 1986
|t 0
|l Remote Storage
|